000 00300nam a22001337a 4500
008 180125b xxu||||| |||| 00| 0 eng d
020 _a2900763737978
041 _aeng
080 _a33
100 _a52
101 _aeco
245 _aessentials health economics
_cdiane.m.d
942 _2udc
_cBK
999 _c40891
_d40891